000 00339nam a2200097Ia 4500
008 180130s9999 xx 000 0 und d
245 _cMallery, John
_aBuilding a secure organization
260 _c2013
300 _aBook title: Computer and information security handbook--Acession number C20545; pages 3 - 24
650 _aINFORMATION SECURITY
999 _c354124
_d354124